Contribution on vegetative propagation on eucalytus camalduleensis hun sen pulp wood planing station samkeimeanchey district, kampong chhnang province, វិភាគទាននៃការសិក្សាការផលិតផលកូនឈឺដោយការកាត់មែកផ្សំនៃប្រភេទប្រេងខ្យល់កាម៉ាល់ ​នៅស្ថានីយ៏ដាំឈឺម្ស៉ៅក្រដាស់ ហ៊ុន សែនស្រុកសាមគ្គីមានជ័យ ខេត្តកំពង់ឆ្នាំ (Record no. 3357)

000 -LEADER
fixed length control field 00950nam a22001577a 4500
003 - CONTROL NUMBER IDENTIFIER
control field OSt
005 - DATE AND TIME OF LATEST TRANSACTION
control field 20151112142140.0
008 - FIXED-LENGTH DATA ELEMENTS--GENERAL INFORMATION
fixed length control field 151112b xxu||||| |||| 00| 0 eng d
040 ## - CATALOGING SOURCE
Transcribing agency RUA
082 ## - DEWEY DECIMAL CLASSIFICATION NUMBER
Classification number FOR CHE 2005 B132 Or.1
100 ## - MAIN ENTRY--PERSONAL NAME
9 (RLIN) 3605
Personal name CHEA, RAKSMEY.
245 ## - TITLE STATEMENT
Title Contribution on vegetative propagation on eucalytus camalduleensis hun sen pulp wood planing station samkeimeanchey district, kampong chhnang province, វិភាគទាននៃការសិក្សាការផលិតផលកូនឈឺដោយការកាត់មែកផ្សំនៃប្រភេទប្រេងខ្យល់កាម៉ាល់ ​នៅស្ថានីយ៏ដាំឈឺម្ស៉ៅក្រដាស់ ហ៊ុន សែនស្រុកសាមគ្គីមានជ័យ ខេត្តកំពង់ឆ្នាំ
260 ## - PUBLICATION, DISTRIBUTION, ETC. (IMPRINT)
Place of publication, distribution, etc. Phnom Penh
Name of publisher, distributor, etc. RUA
Date of publication, distribution, etc. 2005
300 ## - PHYSICAL DESCRIPTION
Extent ix; 52p.
Other physical details ill.
Dimensions 29cm.
942 ## - ADDED ENTRY ELEMENTS (KOHA)
Source of classification or shelving scheme
Koha item type FOR
Holdings
Price effective from Date last seen Permanent Location Not for loan Date acquired Source of classification or shelving scheme Koha item type Barcode Lost status Damaged status Shelving location Withdrawn status Current Location Full call number
2015-11-122015-11-12Library Block B 2015-11-12 FORRUA010638  B132 Library Block BFOR CHE 2005 B132 Or.1
2015-11-122015-11-12Library Block B 2015-11-12 FORRUA028773  B132 Library Block BFOR CHE 2005 B132 Or.2
2015-11-122015-11-12Library Block B 2015-11-12 FORRUA010637  B132 Library Block BFOR CHE 2005 B132 Or.3
2019-10-252019-10-25Library Block B 2019-10-25 FORA42268  B132 Library Block BFOR CHE 2005 B132 Or.3
មជ្ឈមណ្ឌលឯការនៃសាកលវិទ្យាល័យភូមិន្ទកសិកម្មចំការដូង

Powered by Koha